000 00585nam a2200229Ia 4500
003 OSt
005 20221005114335.0
006 a|||||r|||| 00| 0
007 ta
008 221004b |||||||| |||| 00| 0 eng d
024 _a45076
037 _cTextual
040 _aCRL
_cCRL
_beng
041 _2eng
_aeng
082 _aNv73:N3, H9 close sec
100 _aLarkin Oliver W
_9625815
245 0 _aArt and life in America
260 _c1949
650 _aARTS
942 _hNv73:N3, H9 close sec
_cTEXL
_2cc
999 _c1031018
_d1031018